[Event "Moscow-ch rapid"]
[Site "Moscow"]
[Date "2018.12.08"]
[Round "5"]
[White "Shinkevich, Vitaly"]
[Black "Stukan, Martin"]
[Result "1-0"]
[WhiteElo "2439"]
[BlackElo "2142"]
[PlyCount "159"]
[EventDate "2018.12.08"]
[EventType "swiss (rapid)"]
[EventRounds "11"]
[EventCountry "RUS"]
[SourceTitle "CBM 187 Extra"]
[Source "ChessBase"]
[SourceDate "2018.11.04"]
[SourceVersion "1"]
[SourceVersionDate "2018.11.04"]
[SourceQuality "1"]

1. d4 Nf6 2. Nf3 g6 3. c4 Bg7 4. g3 0-0 5. Bg2 d6 6. Nc3 c5 7. d5 e6 8. 0-0 exd5 9. cxd5 Re8 10. Bf4 a6 11. a4 Nh5 12. Bg5 Bf6 13. Bd2 Nd7 14. e4 Bg7 15. Re1 Rb8 16. Rb1 b5 17. axb5 axb5 18. b4 c4 19. Ra1 Ne5 20. Nxe5 Bxe5 21. Ra5 Bd7 22. Qc2 f5 23. Qc1 Ra8 24. Rxa8 Qxa8 25. exf5 gxf5 26. Bh6 Bf6 27. Bf3 Rxe1+ 28. Qxe1 Ng7 29. Qc1 Qe8 30. Bf4 Be5 31. Ne2 Qa8 32. Kg2 Qa1 33. Qxa1 Bxa1 34. Bxd6 Ne8 35. Bc5 Nf6 36. Kf1 Ne4 37. Bxe4 fxe4 38. Bd4 Bxd4 39. Nxd4 Kf7 40. Ke2 Kf6 41. Ke3 Ke5 42. Ne2 Kxd5 43. Nc3+ Ke5 44. Nxe4 Bc6 45. Nc3 Kf5 46. h3 h5 47. Kd4 Bd7 48. Nd5 Kg6 49. Ke5 Kf7 50. h4 Bc6 51. Nc3 Kg6 52. Kf4 Kf6 53. f3 Kg6 54. Ke5 Kf7 55. Kf5 Kg7 56. Kg5 Be8 57. g4 hxg4 58. fxg4 Bc6 59. Ne2 Bf3 60. Nc3 Bc6 61. Kf4 Kf6 62. h5 Kf7 63. g5 Kg7 64. Ne2 Be8 65. Ng3 Bd7 66. Ne4 Bc6 67. Nf6 Bb7 68. Ke3 Bc6 69. Ng4 Be8 70. h6+ Kg6 71. Ne5+ Kh7 72. Kd4 Bh5 73. Nxc4 bxc4 74. b5 Bf3 75. Kxc4 Kg6 76. b6 Be4 77. Kd4 Bf3 78. Ke5 Bb7 79. Kd6 Be4 80. Kc7 1-0